[Event "Amateur Tournament (ATO)"]
[Site "https://www.chess.com"]
[Date "2025.07.15"]
[Round "1"]
[White "Bellm, Juergen"]
[Black "Jahn, Thomas"]
[Result "0-1"]
[Board "2"]
[WhiteFideId "533007349"]
[BlackFideId "34679430"]
[WhiteElo "1728"]
[BlackElo "1964"]
[WhiteTeam "GER"]
[BlackTeam "GER"]
[WhiteClock "0:20:46"]
[BlackClock "0:22:46"]
[Variant "Standard"]

1. d4 {[%clk 1:30:36]}  d5 {[%clk 1:27:27]} 2. c4 {[%clk 1:30:59]}  e6 {[%clk 1:27:06]} 3. Nc3 {[%clk 1:31:07]}  Be7 {[%clk 1:27:27]} 4. Nf3 {[%clk 1:30:41]}  Nf6 {[%clk 1:27:48]} 5. Bf4 {[%clk 1:31:00]}  O-O {[%clk 1:27:58]} 6. e3 {[%clk 1:31:01]}  b6 {[%clk 1:26:58]} 7. Rc1 {[%clk 1:27:51]}  c5 {[%clk 1:25:01]} 8. cxd5 {[%clk 1:24:36]}  exd5 {[%clk 1:18:26]} 9. Bd3 {[%clk 1:16:19]}  Nc6 {[%clk 1:09:18]} 10. h3 {[%clk 1:12:30]}  c4 {[%clk 1:05:16]} 11. Bb1 {[%clk 1:12:18]}  a6 {[%clk 1:05:40]} 12. O-O {[%clk 1:11:51]}  b5 {[%clk 1:05:59]} 13. Ne5 {[%clk 1:07:03]}  Qb6 {[%clk 0:56:33]} 14. Nxc6 {[%clk 1:06:58]}  Qxc6 {[%clk 0:56:52]} 15. Re1 {[%clk 0:57:23]}  Bb7 {[%clk 0:51:42]} 16. Qc2 {[%clk 0:49:35]}  g6 {[%clk 0:51:17]} 17. Qe2 {[%clk 0:43:03]}  b4 {[%clk 0:49:30]} 18. Nd1 {[%clk 0:43:13]}  Qb6 {[%clk 0:47:59]} 19. g4 {[%clk 0:39:32]}  a5 {[%clk 0:43:55]} 20. h4 {[%clk 0:32:01]}  Ba6 {[%clk 0:35:02]} 21. Qf3 {[%clk 0:30:27]}  Qe6 {[%clk 0:33:59]} 22. Be5 {[%clk 0:23:52]}  Qxg4+ {[%clk 0:28:48]} 23. Qxg4 {[%clk 0:24:02]}  Nxg4 {[%clk 0:29:16]} 24. Bg3 {[%clk 0:23:54]}  Nf6 {[%clk 0:29:34]} 25. e4 {[%clk 0:23:35]}  Nxe4 {[%clk 0:29:09]} 26. Bxe4 {[%clk 0:23:54]}  dxe4 {[%clk 0:29:36]} 27. Rxe4 {[%clk 0:24:16]}  Bf6 {[%clk 0:26:04]} 28. Be5 {[%clk 0:23:10]}  Rfe8 {[%clk 0:22:46]} 29. f3 {[%clk 0:20:46]} 0-1

[Event "Amateur Tournament (ATO)"]
[Site "https://www.chess.com"]
[Date "2025.07.15"]
[Round "1"]
[White "Jud, Marc"]
[Black "Christoffersen, Odd"]
[Result "1-0"]
[Board "3"]
[WhiteFideId "1309099"]
[BlackFideId "1506129"]
[WhiteElo "1958"]
[BlackElo "1728"]
[WhiteTeam "SUI"]
[BlackTeam "NOR"]
[WhiteClock "0:09:10"]
[BlackClock "0:01:42"]
[Variant "Standard"]

1. Nf3 {[%clk 1:30:55]}  d5 {[%clk 1:29:45]} 2. e3 {[%clk 1:31:09]}  Nf6 {[%clk 1:29:33]} 3. c4 {[%clk 1:31:22]}  c6 {[%clk 1:28:12]} 4. b3 {[%clk 1:31:13]}  Bg4 {[%clk 1:27:42]} 5. Be2 {[%clk 1:31:01]}  Bxf3 {[%clk 1:27:36]} 6. Bxf3 {[%clk 1:31:13]}  e6 {[%clk 1:27:45]} 7. cxd5 {[%clk 1:30:40]}  cxd5 {[%clk 1:26:17]} 8. O-O {[%clk 1:29:50]}  Nc6 {[%clk 1:26:28]} 9. Bb2 {[%clk 1:29:44]}  Rc8 {[%clk 1:25:59]} 10. a3 {[%clk 1:29:25]}  Be7 {[%clk 1:22:24]} 11. d4 {[%clk 1:28:24]}  O-O {[%clk 1:16:23]} 12. Nd2 {[%clk 1:25:08]}  Bd6 {[%clk 1:10:02]} 13. h3 {[%clk 1:17:03]}  Ne7 {[%clk 1:09:36]} 14. Be2 {[%clk 1:14:29]}  Qa5 {[%clk 1:02:26]} 15. Bd3 {[%clk 1:11:05]}  Rfd8 {[%clk 0:59:27]} 16. g4 {[%clk 1:00:25]}  Nd7 {[%clk 0:48:52]} 17. b4 {[%clk 0:57:51]}  Qc7 {[%clk 0:48:21]} 18. f4 {[%clk 0:57:28]}  f5 {[%clk 0:45:49]} 19. Nb3 {[%clk 0:52:04]}  Nf8 {[%clk 0:36:10]} 20. Nc5 {[%clk 0:49:26]}  g6 {[%clk 0:22:56]} 21. Rc1 {[%clk 0:47:19]}  Qb8 {[%clk 0:22:21]} 22. Rb1 {[%clk 0:41:37]}  Kf7 {[%clk 0:21:06]} 23. Be2 {[%clk 0:34:55]}  Nd7 {[%clk 0:16:24]} 24. Qb3 {[%clk 0:31:29]}  Nf6 {[%clk 0:14:57]} 25. Bf3 {[%clk 0:22:55]}  Ne4 {[%clk 0:10:06]} 26. Bxe4 {[%clk 0:22:56]}  fxe4 {[%clk 0:10:19]} 27. Qa4 {[%clk 0:17:59]}  b6 {[%clk 0:05:12]} 28. Nd7 {[%clk 0:16:38]}  Qb7 {[%clk 0:05:39]} 29. Ne5+ {[%clk 0:16:53]}  Kg8 {[%clk 0:05:35]} 30. b5 {[%clk 0:14:32]}  Bxe5 {[%clk 0:05:22]} 31. fxe5 {[%clk 0:12:14]}  Rf8 {[%clk 0:04:49]} 32. Rf6 {[%clk 0:10:49]}  Qd7 {[%clk 0:03:20]} 33. Rbf1 {[%clk 0:09:41]}  Kg7 {[%clk 0:03:48]} 34. Qb4 {[%clk 0:09:11]}  Rce8 {[%clk 0:03:43]} 35. a4 {[%clk 0:09:12]}  Qd8 {[%clk 0:02:12]} 36. Ba3 {[%clk 0:09:04]}  Nf5 {[%clk 0:01:12]} 37. Rxf8 {[%clk 0:08:41]}  Rxf8 {[%clk 0:01:27]} 38. Qxf8+ {[%clk 0:08:45]}  Qxf8 {[%clk 0:01:42]} 39. Bxf8+ {[%clk 0:09:10]} 1-0

[Event "Amateur Tournament (ATO)"]
[Site "https://www.chess.com"]
[Date "2025.07.15"]
[Round "1"]
[White "Linder, Ernst"]
[Black "Hofmann, Hans"]
[Result "0-1"]
[Board "4"]
[WhiteFideId "1357735"]
[BlackFideId "1332503"]
[WhiteElo "1726"]
[BlackElo "1932"]
[WhiteTeam "SUI"]
[BlackTeam "SUI"]
[WhiteClock "0:34:59"]
[BlackClock "0:36:55"]
[Variant "Standard"]

1. d4 {[%clk 1:30:51]}  d5 {[%clk 1:30:51]} 2. c4 {[%clk 1:31:04]}  c6 {[%clk 1:31:12]} 3. Nf3 {[%clk 1:31:11]}  Nf6 {[%clk 1:31:28]} 4. Nc3 {[%clk 1:31:21]}  dxc4 {[%clk 1:31:04]} 5. e4 {[%clk 1:30:54]}  b5 {[%clk 1:31:19]} 6. e5 {[%clk 1:30:35]}  Nd5 {[%clk 1:31:31]} 7. Ne4 {[%clk 1:29:39]}  e6 {[%clk 1:25:55]} 8. Be2 {[%clk 1:29:12]}  Be7 {[%clk 1:25:13]} 9. O-O {[%clk 1:29:22]}  O-O {[%clk 1:25:02]} 10. Qc2 {[%clk 1:27:03]}  h6 {[%clk 1:13:16]} 11. g3 {[%clk 1:24:22]}  Nd7 {[%clk 1:09:28]} 12. h4 {[%clk 1:23:08]}  c5 {[%clk 1:06:19]} 13. Rd1 {[%clk 1:20:23]}  Qb6 {[%clk 1:03:24]} 14. dxc5 {[%clk 1:11:19]}  Nxc5 {[%clk 1:03:12]} 15. Nd4 {[%clk 1:06:15]}  Bb7 {[%clk 1:01:16]} 16. f3 {[%clk 1:02:50]}  Rfd8 {[%clk 0:56:10]} 17. Kg2 {[%clk 0:59:52]}  Nb4 {[%clk 0:53:07]} 18. Qc3 {[%clk 0:54:51]}  Nxe4 {[%clk 0:51:42]} 19. fxe4 {[%clk 0:54:51]}  Bxe4+ {[%clk 0:51:45]} 20. Kh2 {[%clk 0:53:48]}  Bc5 {[%clk 0:45:23]} 21. Be3 {[%clk 0:48:29]}  Nd3 {[%clk 0:40:22]} 22. Bxd3 {[%clk 0:47:55]}  Bxd3 {[%clk 0:39:56]} 23. Nxe6 {[%clk 0:39:13]}  fxe6 {[%clk 0:39:16]} 24. Bxc5 {[%clk 0:37:28]}  Qxc5 {[%clk 0:39:39]} 25. Rd2 {[%clk 0:37:05]}  Bf5 {[%clk 0:38:27]} 26. Rad1 {[%clk 0:37:10]}  Rxd2+ {[%clk 0:36:22]} 27. Rxd2 {[%clk 0:37:22]}  Rc8 {[%clk 0:36:27]} 28. Kg2 {[%clk 0:35:29]}  b4 {[%clk 0:36:19]} 29. Qd4 {[%clk 0:34:38]}  Qxd4 {[%clk 0:36:27]} 30. Rxd4 {[%clk 0:34:59]}  c3 {[%clk 0:36:55]} 0-1

[Event "Amateur Tournament (ATO)"]
[Site "https://www.chess.com"]
[Date "2025.07.15"]
[Round "1"]
[White "Suwendo, Poedjo"]
[Black "Conrad, Vincent"]
[Result "0-1"]
[Board "6"]
[WhiteFideId "1309803"]
[BlackFideId "1312332"]
[WhiteElo "1719"]
[BlackElo "1915"]
[WhiteTeam "SUI"]
[BlackTeam "SUI"]
[WhiteClock "0:25:45"]
[BlackClock "0:17:08"]
[Variant "Standard"]

1. e4 {[%clk 1:29:47]}  e6 {[%clk 1:30:46]} 2. d4 {[%clk 1:29:39]}  d5 {[%clk 1:31:08]} 3. exd5 {[%clk 1:29:57]}  exd5 {[%clk 1:31:30]} 4. Bd3 {[%clk 1:29:52]}  Bd6 {[%clk 1:31:13]} 5. Be3 {[%clk 1:28:37]}  Ne7 {[%clk 1:31:08]} 6. Nc3 {[%clk 1:26:44]}  c6 {[%clk 1:29:35]} 7. Nce2 {[%clk 1:26:24]}  Bf5 {[%clk 1:29:10]} 8. Ng3 {[%clk 1:26:26]}  Bxd3 {[%clk 1:24:11]} 9. Qxd3 {[%clk 1:26:23]}  Nd7 {[%clk 1:23:53]} 10. N1e2 {[%clk 1:23:44]}  Qc7 {[%clk 1:22:36]} 11. c3 {[%clk 1:17:45]}  h6 {[%clk 1:18:39]} 12. a3 {[%clk 1:13:02]}  Nf6 {[%clk 1:18:18]} 13. Rc1 {[%clk 1:12:28]}  O-O {[%clk 1:13:52]} 14. c4 {[%clk 1:12:05]}  dxc4 {[%clk 1:13:58]} 15. Rxc4 {[%clk 1:12:17]}  Nfd5 {[%clk 1:13:47]} 16. Bd2 {[%clk 1:06:09]}  Rfe8 {[%clk 1:13:04]} 17. O-O {[%clk 1:04:10]}  Ng6 {[%clk 1:09:08]} 18. Kh1 {[%clk 0:57:54]}  Ngf4 {[%clk 0:59:55]} 19. Nxf4 {[%clk 0:57:28]}  Bxf4 {[%clk 1:00:12]} 20. Bc1 {[%clk 0:44:30]}  Re6 {[%clk 0:55:29]} 21. Qf3 {[%clk 0:40:16]}  Rd8 {[%clk 0:45:37]} 22. Nh5 {[%clk 0:37:18]}  Bxc1 {[%clk 0:44:24]} 23. Rcxc1 {[%clk 0:37:21]}  Qb6 {[%clk 0:39:46]} 24. Qg4 {[%clk 0:32:25]}  Rg6 {[%clk 0:38:50]} 25. Qh4 {[%clk 0:32:41]}  Re8 {[%clk 0:27:01]} 26. b4 {[%clk 0:30:49]}  Qa6 {[%clk 0:22:17]} 27. Rce1 {[%clk 0:25:06]}  Rxe1 {[%clk 0:19:06]} 28. Qd8+ {[%clk 0:25:22]}  Kh7 {[%clk 0:18:59]} 29. Rxe1 {[%clk 0:25:43]}  Qxa3 {[%clk 0:19:21]} 30. g3 {[%clk 0:25:45]}  Nf4 {[%clk 0:17:08]} 0-1

[Event "Amateur Tournament (ATO)"]
[Site "https://www.chess.com"]
[Date "2025.07.15"]
[Round "1"]
[White "Lavorgna, Giovanni"]
[Black "Panda, Gyorgy"]
[Result "1-0"]
[Board "7"]
[WhiteFideId "11800100"]
[BlackFideId "799548"]
[WhiteTitle "CM"]
[WhiteElo "1912"]
[BlackElo "1718"]
[WhiteTeam "ITA"]
[BlackTeam "HUN"]
[WhiteClock "0:11:36"]
[BlackClock "0:17:06"]
[Variant "Standard"]

1. d4 {[%clk 1:30:55]}  Nf6 {[%clk 1:30:39]} 2. c4 {[%clk 1:31:11]}  e6 {[%clk 1:30:52]} 3. Nf3 {[%clk 1:31:24]}  d5 {[%clk 1:30:50]} 4. g3 {[%clk 1:31:21]}  c6 {[%clk 1:25:37]} 5. Bg2 {[%clk 1:30:46]}  Bd6 {[%clk 1:25:55]} 6. O-O {[%clk 1:30:34]}  O-O {[%clk 1:26:11]} 7. Nc3 {[%clk 1:30:11]}  Nbd7 {[%clk 1:25:11]} 8. Nd2 {[%clk 1:29:57]}  Re8 {[%clk 1:22:33]} 9. e4 {[%clk 1:29:37]}  dxe4 {[%clk 1:21:19]} 10. Ndxe4 {[%clk 1:29:24]}  Nxe4 {[%clk 1:21:33]} 11. Nxe4 {[%clk 1:29:32]}  Be7 {[%clk 1:20:47]} 12. Bf4 {[%clk 1:26:51]}  Nf6 {[%clk 1:19:28]} 13. Qe2 {[%clk 1:22:11]}  Qxd4 {[%clk 1:10:17]} 14. Rad1 {[%clk 1:11:21]}  Qb6 {[%clk 1:10:01]} 15. Rd3 {[%clk 0:59:41]}  Nxe4 {[%clk 1:05:26]} 16. Bxe4 {[%clk 0:54:30]}  Bf6 {[%clk 0:59:22]} 17. Rfd1 {[%clk 0:33:41]}  e5 {[%clk 0:52:21]} 18. Be3 {[%clk 0:33:24]}  Qc7 {[%clk 0:51:52]} 19. g4 {[%clk 0:21:31]}  Be6 {[%clk 0:44:16]} 20. g5 {[%clk 0:21:16]}  Be7 {[%clk 0:44:29]} 21. b3 {[%clk 0:21:08]}  a5 {[%clk 0:31:09]} 22. h4 {[%clk 0:20:25]}  Red8 {[%clk 0:27:38]} 23. Bc1 {[%clk 0:19:31]}  f5 {[%clk 0:26:24]} 24. gxf6 {[%clk 0:19:01]}  Bxf6 {[%clk 0:26:40]} 25. Bb2 {[%clk 0:17:40]}  Rxd3 {[%clk 0:26:51]} 26. Rxd3 {[%clk 0:16:21]}  g6 {[%clk 0:19:02]} 27. h5 {[%clk 0:15:28]}  Kg7 {[%clk 0:17:05]} 28. hxg6 {[%clk 0:14:43]}  hxg6 {[%clk 0:17:28]} 29. Rg3 {[%clk 0:14:26]}  g5 {[%clk 0:17:43]} 30. Qh5 {[%clk 0:13:19]}  Qf7 {[%clk 0:16:44]} 31. Qh7+ {[%clk 0:12:21]}  Kf8 {[%clk 0:17:06]} 32. Ba3+ {[%clk 0:11:36]} 1-0

[Event "Amateur Tournament (ATO)"]
[Site "https://www.chess.com"]
[Date "2025.07.15"]
[Round "1"]
[White "Luedi, Paul"]
[Black "Schmid, Nicola"]
[Result "0-1"]
[Board "8"]
[WhiteFideId "1319930"]
[BlackFideId "1320769"]
[WhiteElo "1716"]
[BlackElo "1910"]
[WhiteTeam "SUI"]
[BlackTeam "SUI"]
[WhiteClock "0:16:59"]
[BlackClock "0:34:13"]
[Variant "Standard"]

1. d4 {[%clk 1:30:48]}  Nf6 {[%clk 1:30:56]} 2. c4 {[%clk 1:31:00]}  e6 {[%clk 1:31:17]} 3. Nc3 {[%clk 1:30:57]}  Bb4 {[%clk 1:30:16]} 4. f3 {[%clk 1:30:01]}  d5 {[%clk 1:28:49]} 5. a3 {[%clk 1:29:19]}  Bxc3+ {[%clk 1:24:06]} 6. bxc3 {[%clk 1:29:29]}  O-O {[%clk 1:24:10]} 7. e3 {[%clk 1:21:30]}  c5 {[%clk 1:23:41]} 8. Bd3 {[%clk 1:19:56]}  Nc6 {[%clk 1:20:39]} 9. Ne2 {[%clk 1:14:23]}  b6 {[%clk 1:16:06]} 10. cxd5 {[%clk 1:05:18]}  exd5 {[%clk 1:14:37]} 11. c4 {[%clk 0:58:32]}  cxd4 {[%clk 1:11:07]} 12. cxd5 {[%clk 0:56:18]}  Qxd5 {[%clk 0:58:22]} 13. e4 {[%clk 0:54:57]}  Qc5 {[%clk 0:52:32]} 14. Bd2 {[%clk 0:46:00]}  Bb7 {[%clk 0:49:45]} 15. Qa4 {[%clk 0:41:35]}  Ne5 {[%clk 0:41:01]} 16. Qb3 {[%clk 0:37:33]}  Rfd8 {[%clk 0:37:24]} 17. Bb4 {[%clk 0:35:02]}  Nxd3+ {[%clk 0:36:59]} 18. Qxd3 {[%clk 0:35:02]}  Qe5 {[%clk 0:37:04]} 19. O-O {[%clk 0:31:17]}  a5 {[%clk 0:36:02]} 20. Bd2 {[%clk 0:16:59]}  Ba6 {[%clk 0:34:13]} 0-1

[Event "Amateur Tournament (ATO)"]
[Site "https://www.chess.com"]
[Date "2025.07.15"]
[Round "1"]
[White "Kalbermatter, Philipp"]
[Black "Meise, Volker"]
[Result "1-0"]
[Board "9"]
[WhiteFideId "1327976"]
[BlackFideId "12903434"]
[WhiteElo "1908"]
[BlackElo "1715"]
[WhiteTeam "SUI"]
[BlackTeam "GER"]
[WhiteClock "0:06:01"]
[BlackClock "0:15:56"]
[Variant "Standard"]

1. e4 {[%clk 1:30:52]}  c5 {[%clk 1:30:47]} 2. Nf3 {[%clk 1:30:59]}  d6 {[%clk 1:31:02]} 3. d4 {[%clk 1:30:43]}  cxd4 {[%clk 1:29:37]} 4. Qxd4 {[%clk 1:30:43]}  Nc6 {[%clk 1:29:37]} 5. Bb5 {[%clk 1:30:02]}  Bd7 {[%clk 1:28:24]} 6. Bxc6 {[%clk 1:29:24]}  Bxc6 {[%clk 1:26:52]} 7. Nc3 {[%clk 1:28:49]}  Nf6 {[%clk 1:24:36]} 8. Bg5 {[%clk 1:27:52]}  Qa5 {[%clk 1:18:44]} 9. O-O {[%clk 1:18:17]}  h6 {[%clk 1:12:23]} 10. b4 {[%clk 1:08:10]}  e5 {[%clk 0:55:50]} 11. Qc4 {[%clk 1:03:06]}  d5 {[%clk 0:50:10]} 12. Qxc6+ {[%clk 0:52:46]}  bxc6 {[%clk 0:49:59]} 13. bxa5 {[%clk 0:53:07]}  hxg5 {[%clk 0:50:14]} 14. exd5 {[%clk 0:28:49]}  g4 {[%clk 0:42:07]} 15. Nxe5 {[%clk 0:26:56]}  Bd6 {[%clk 0:38:57]} 16. Rfe1 {[%clk 0:26:45]}  Bxe5 {[%clk 0:24:40]} 17. Rxe5+ {[%clk 0:27:04]}  Kd7 {[%clk 0:24:58]} 18. dxc6+ {[%clk 0:26:48]}  Kxc6 {[%clk 0:25:18]} 19. Rb1 {[%clk 0:20:38]}  Rae8 {[%clk 0:25:06]} 20. Rxe8 {[%clk 0:13:56]}  Rxe8 {[%clk 0:25:25]} 21. g3 {[%clk 0:13:55]}  Re5 {[%clk 0:21:02]} 22. a6 {[%clk 0:10:11]}  Re7 {[%clk 0:16:42]} 23. Kg2 {[%clk 0:07:26]}  Nd5 {[%clk 0:15:14]} 24. Nxd5 {[%clk 0:06:37]}  Kxd5 {[%clk 0:15:35]} 25. Rb7 {[%clk 0:06:55]}  Kd6 {[%clk 0:15:29]} 26. Rxe7 {[%clk 0:06:24]}  Kxe7 {[%clk 0:15:50]} 27. f3 {[%clk 0:06:26]}  gxf3+ {[%clk 0:14:57]} 28. Kxf3 {[%clk 0:06:45]}  Kd6 {[%clk 0:15:24]} 29. Ke4 {[%clk 0:06:14]}  Kc6 {[%clk 0:15:15]} 30. h4 {[%clk 0:06:17]}  Kb6 {[%clk 0:15:23]} 31. h5 {[%clk 0:06:10]}  Kxa6 {[%clk 0:15:39]} 32. g4 {[%clk 0:06:06]}  Kb5 {[%clk 0:15:56]} 33. g5 {[%clk 0:06:01]} 1-0

[Event "Amateur Tournament (ATO)"]
[Site "https://www.chess.com"]
[Date "2025.07.15"]
[Round "1"]
[White "Zimmermann, Stefan SUI"]
[Black "Kulikov, Mikhail L"]
[Result "0-1"]
[Board "10"]
[WhiteFideId "1320157"]
[BlackFideId "4147847"]
[WhiteElo "1714"]
[BlackElo "1907"]
[WhiteTeam "SUI"]
[BlackTeam "FID"]
[WhiteClock "0:09:58"]
[BlackClock "0:19:42"]
[Variant "Standard"]

1. e4 {[%clk 1:30:52]}  e5 {[%clk 1:30:22]} 2. Nc3 {[%clk 1:31:10]}  Nf6 {[%clk 1:29:50]} 3. d4 {[%clk 1:31:25]}  exd4 {[%clk 1:29:16]} 4. Qxd4 {[%clk 1:31:27]}  Nc6 {[%clk 1:28:35]} 5. Qd3 {[%clk 1:31:19]}  Be7 {[%clk 1:23:39]} 6. Bf4 {[%clk 1:30:54]}  d6 {[%clk 1:21:28]} 7. O-O-O {[%clk 1:30:42]}  Be6 {[%clk 1:21:26]} 8. Kb1 {[%clk 1:26:49]}  O-O {[%clk 1:21:41]} 9. f3 {[%clk 1:23:09]}  Ne5 {[%clk 1:16:06]} 10. Qd2 {[%clk 1:16:53]}  c6 {[%clk 1:15:21]} 11. g4 {[%clk 1:11:38]}  b5 {[%clk 1:07:22]} 12. a3 {[%clk 0:56:10]}  a5 {[%clk 1:04:33]} 13. Qc1 {[%clk 0:45:16]}  Qc7 {[%clk 1:01:52]} 14. Ka1 {[%clk 0:33:51]}  b4 {[%clk 0:57:53]} 15. Nb1 {[%clk 0:34:02]}  c5 {[%clk 0:46:07]} 16. c4 {[%clk 0:31:10]}  bxc3 {[%clk 0:45:52]} 17. Nxc3 {[%clk 0:31:18]}  Rab8 {[%clk 0:42:21]} 18. Nb5 {[%clk 0:27:12]}  Qc6 {[%clk 0:41:25]} 19. a4 {[%clk 0:25:27]}  Bb3 {[%clk 0:39:25]} 20. Nc3 {[%clk 0:19:59]}  Bxd1 {[%clk 0:38:30]} 21. Bb5 {[%clk 0:19:42]}  Qb7 {[%clk 0:36:16]} 22. Qxd1 {[%clk 0:19:55]}  Rfd8 {[%clk 0:34:32]} 23. g5 {[%clk 0:17:00]}  Ne8 {[%clk 0:28:09]} 24. Nd5 {[%clk 0:16:06]}  Bf8 {[%clk 0:28:17]} 25. Bc1 {[%clk 0:16:11]}  Nc7 {[%clk 0:25:00]} 26. Nxc7 {[%clk 0:16:07]}  Qxc7 {[%clk 0:25:25]} 27. f4 {[%clk 0:16:16]}  Nc6 {[%clk 0:25:31]} 28. Nf3 {[%clk 0:12:23]}  Qb7 {[%clk 0:23:08]} 29. h4 {[%clk 0:12:54]}  g6 {[%clk 0:20:22]} 30. Rh2 {[%clk 0:09:58]}  Bg7 {[%clk 0:19:42]} 31. Ng1 {[%clk 0:09:58]} 0-1

[Event "Amateur Tournament (ATO)"]
[Site "https://www.chess.com"]
[Date "2025.07.15"]
[Round "1"]
[White "Meshach, Felix"]
[Black "Trzcinska, Weronika"]
[Result "1-0"]
[Board "11"]
[WhiteFideId "1342959"]
[BlackFideId "41862155"]
[WhiteElo "1905"]
[BlackElo "1712"]
[WhiteTeam "SUI"]
[BlackTeam "POL"]
[WhiteClock "0:54:04"]
[BlackClock "0:57:08"]
[Variant "Standard"]

1. e4 {[%clk 1:30:55]}  e5 {[%clk 1:30:54]} 2. Nc3 {[%clk 1:31:17]}  Nc6 {[%clk 1:31:05]} 3. Bc4 {[%clk 1:31:19]}  Nf6 {[%clk 1:31:07]} 4. d3 {[%clk 1:31:33]}  Be7 {[%clk 1:30:21]} 5. Nge2 {[%clk 1:31:38]}  O-O {[%clk 1:30:03]} 6. O-O {[%clk 1:31:51]}  d6 {[%clk 1:30:28]} 7. f4 {[%clk 1:31:32]}  exf4 {[%clk 1:29:20]} 8. Nxf4 {[%clk 1:29:18]}  Na5 {[%clk 1:28:32]} 9. Bb3 {[%clk 1:29:02]}  Nxb3 {[%clk 1:27:40]} 10. axb3 {[%clk 1:29:27]}  Bg4 {[%clk 1:25:03]} 11. Qe1 {[%clk 1:29:07]}  Nh5 {[%clk 1:23:09]} 12. Nxh5 {[%clk 1:25:19]}  Bxh5 {[%clk 1:23:25]} 13. Nd5 {[%clk 1:24:11]}  a6 {[%clk 1:18:14]} 14. Qa5 {[%clk 1:17:34]}  c5 {[%clk 1:13:11]} 15. Qxd8 {[%clk 1:15:24]}  Bxd8 {[%clk 1:13:20]} 16. Bf4 {[%clk 1:15:25]}  Rc8 {[%clk 1:06:27]} 17. Bxd6 {[%clk 1:15:00]}  Re8 {[%clk 1:04:01]} 18. h3 {[%clk 1:11:39]}  f6 {[%clk 1:02:03]} 19. Bf4 {[%clk 0:56:15]}  Bf7 {[%clk 0:58:55]} 20. Rae1 {[%clk 0:50:55]}  Bxd5 {[%clk 0:58:48]} 21. exd5 {[%clk 0:51:12]}  Bb6 {[%clk 0:56:55]} 22. c4 {[%clk 0:50:30]}  Ba5 {[%clk 0:54:02]} 23. Rxe8+ {[%clk 0:50:31]}  Rxe8 {[%clk 0:53:55]} 24. Kf2 {[%clk 0:50:48]}  Kf7 {[%clk 0:50:35]} 25. Bd6 {[%clk 0:39:49]}  Bb6 {[%clk 0:41:42]} 26. Re1 {[%clk 0:38:01]}  Rxe1 {[%clk 0:41:33]} 27. Kxe1 {[%clk 0:38:26]}  Ke8 {[%clk 0:42:00]} 28. Ke2 {[%clk 0:38:01]}  Kd7 {[%clk 0:40:29]} 29. Bf8 {[%clk 0:36:49]}  g6 {[%clk 0:39:20]} 30. Kf3 {[%clk 0:36:17]}  Ke8 {[%clk 0:39:09]} 31. Bh6 {[%clk 0:35:56]}  Bd8 {[%clk 0:34:57]} 32. Ke4 {[%clk 0:33:07]}  Bc7 {[%clk 0:34:20]} 33. Be3 {[%clk 0:25:29]}  Bd6 {[%clk 0:32:12]} 34. g4 {[%clk 0:24:39]}  a5 {[%clk 0:31:33]} 35. d4 {[%clk 0:20:38]}  b6 {[%clk 0:29:53]} 36. dxc5 {[%clk 0:19:40]}  Bc7 {[%clk 0:26:49]} 37. Bd2 {[%clk 0:19:40]}  bxc5 {[%clk 0:26:50]} 38. d6 {[%clk 0:19:40]}  Bb6 {[%clk 0:24:52]} 39. Kd5 {[%clk 0:18:59]}  Kd7 {[%clk 0:25:07]} 40. Be3 {[%clk 0:48:34]}  f5 {[%clk 0:54:27]} 41. gxf5 {[%clk 0:47:22]}  gxf5 {[%clk 0:54:51]} 42. Bxc5 {[%clk 0:47:31]}  Bxc5 {[%clk 0:54:46]} 43. Kxc5 {[%clk 0:47:58]}  f4 {[%clk 0:53:44]} 44. Kd4 {[%clk 0:48:22]}  Kxd6 {[%clk 0:54:00]} 45. Ke4 {[%clk 0:48:50]}  Kc5 {[%clk 0:54:14]} 46. Kxf4 {[%clk 0:48:52]}  a4 {[%clk 0:54:15]} 47. bxa4 {[%clk 0:49:10]}  Kxc4 {[%clk 0:54:40]} 48. b3+ {[%clk 0:49:32]}  Kb4 {[%clk 0:54:15]} 49. Kg5 {[%clk 0:49:57]}  Ka5 {[%clk 0:53:50]} 50. Kh6 {[%clk 0:50:22]}  Kb4 {[%clk 0:54:15]} 51. Kxh7 {[%clk 0:50:48]}  Ka5 {[%clk 0:54:39]} 52. Kg6 {[%clk 0:51:11]}  Kb4 {[%clk 0:54:56]} 53. h4 {[%clk 0:51:36]}  Ka5 {[%clk 0:55:12]} 54. h5 {[%clk 0:52:01]}  Kb4 {[%clk 0:55:38]} 55. h6 {[%clk 0:52:27]}  Ka5 {[%clk 0:55:59]} 56. h7 {[%clk 0:52:54]}  Kb4 {[%clk 0:56:26]} 57. h8=Q {[%clk 0:53:18]}  Ka5 {[%clk 0:56:50]} 58. Qb8 {[%clk 0:53:39]}  Ka6 {[%clk 0:57:07]} 59. Kh7 {[%clk 0:54:04]}  Ka5 {[%clk 0:57:08]} 1-0

[Event "Amateur Tournament (ATO)"]
[Site "https://www.chess.com"]
[Date "2025.07.15"]
[Round "1"]
[White "Loeffler, Helmut"]
[Black "Tkhoruk, Roman"]
[Result "0-1"]
[Board "12"]
[WhiteFideId "1317482"]
[BlackFideId "34161589"]
[WhiteElo "1709"]
[BlackElo "1893"]
[WhiteTeam "SUI"]
[BlackTeam "SUI"]
[WhiteClock "1:13:14"]
[BlackClock "0:31:26"]
[Variant "Standard"]

1. d4 {[%clk 1:30:43]}  Nf6 {[%clk 1:30:30]} 2. Nf3 {[%clk 1:30:43]}  e6 {[%clk 1:30:49]} 3. e3 {[%clk 1:31:00]}  d5 {[%clk 1:30:51]} 4. Bd3 {[%clk 1:31:11]}  c5 {[%clk 1:30:50]} 5. c3 {[%clk 1:31:04]}  Nc6 {[%clk 1:30:28]} 6. Nbd2 {[%clk 1:31:08]}  Be7 {[%clk 1:30:20]} 7. O-O {[%clk 1:30:34]}  h6 {[%clk 1:30:00]} 8. Re1 {[%clk 1:30:48]}  O-O {[%clk 1:28:57]} 9. e4 {[%clk 1:30:56]}  dxe4 {[%clk 1:27:26]} 10. Nxe4 {[%clk 1:30:56]}  cxd4 {[%clk 1:27:12]} 11. cxd4 {[%clk 1:29:21]}  Nxd4 {[%clk 1:24:57]} 12. Nxd4 {[%clk 1:29:24]}  Qxd4 {[%clk 1:22:56]} 13. Nxf6+ {[%clk 1:29:45]}  Qxf6 {[%clk 1:18:47]} 14. Qc2 {[%clk 1:29:54]}  Bd7 {[%clk 1:17:09]} 15. Bd2 {[%clk 1:26:01]}  Bc6 {[%clk 1:13:21]} 16. Re3 {[%clk 1:25:31]}  Bd6 {[%clk 1:10:34]} 17. Bc3 {[%clk 1:21:17]}  Qg5 {[%clk 1:04:46]} 18. Be4 {[%clk 1:14:39]}  Bxe4 {[%clk 1:00:15]} 19. Qxe4 {[%clk 1:14:13]}  Qf4 {[%clk 0:59:43]} 20. Rg3 {[%clk 1:12:43]}  Qxe4 {[%clk 0:51:38]} 21. Rxg7+ {[%clk 1:12:54]}  Kh8 {[%clk 0:51:54]} 22. Rg4+ {[%clk 1:13:18]}  Qe5 {[%clk 0:52:05]} 23. Rd1 {[%clk 1:13:42]}  Qxc3 {[%clk 0:45:20]} 24. bxc3 {[%clk 1:13:05]}  Rad8 {[%clk 0:45:37]} 25. Re1 {[%clk 1:13:19]}  Be5 {[%clk 0:44:15]} 26. f4 {[%clk 1:13:31]}  Bxc3 {[%clk 0:42:26]} 27. Rb1 {[%clk 1:13:48]}  Rd7 {[%clk 0:40:16]} 28. Rb3 {[%clk 1:13:36]}  Rc8 {[%clk 0:40:13]} 29. Rb5 {[%clk 1:13:52]}  Rd2 {[%clk 0:37:32]} 30. h3 {[%clk 1:13:21]}  b6 {[%clk 0:37:02]} 31. Rh5 {[%clk 1:13:03]}  Kh7 {[%clk 0:36:21]} 32. f5 {[%clk 1:13:22]}  Bd4+ {[%clk 0:32:40]} 33. Rxd4 {[%clk 1:12:56]}  Rxd4 {[%clk 0:31:17]} 34. fxe6 {[%clk 1:13:14]}  fxe6 {[%clk 0:31:26]} 0-1